Právní vztahy ve vědeckotechnickém rozvoji a v investiční výstavbě

Gespeichert in:
Bibliographische Detailangaben
1. Verfasser: Boháček, Martin
Körperschaft: Vysoká škola ekonomická v Praze. Obchodní fakulta
Format: Buch
Sprache:Tschechisch
Veröffentlicht: Praha Státní nakladatelství technické literatury 1989
Ausgabe:1. vyd.
Tags: Tag hinzufügen
Keine Tags, Fügen Sie das erste Tag hinzu!

MARC

LEADER 00000nam a2200000 4500
001 c030682
005 20221215120422.6
041 0 |a cze 
044 |a CZ 
245 1 0 |a Právní vztahy ve vědeckotechnickém rozvoji a v investiční výstavbě  |c Martin Boháček a kol. 
250 |a 1. vyd. 
264 1 |a Praha  |b Státní nakladatelství technické literatury  |c 1989 
300 |a 154 s. 
100 1 |a Boháček, Martin 
710 2 |a Vysoká škola ekonomická v Praze. Obchodní fakulta